| 000 | 00426nam a2200157Ia 4500 | ||
|---|---|---|---|
| 003 | Ost | ||
| 005 | 20260225132549.0 | ||
| 008 | 260225s9999||||xx |||||||||||||| ||und|| | ||
| 040 | _cfsic | ||
| 041 | _afre | ||
| 082 | _a440 | ||
| 100 |
_aMohammed Guentari _eAuteur |
||
| 245 | 0 | _aOrganisation politico-administrative et militaire de la révolution Algérienne de 1954-1962 / | |
| 245 | 0 | _cMohammed Guentari | |
| 942 | _cكتاب | ||
| 999 |
_c34060 _d34060 |
||